000 00581nam a2200181Ia 4500
008 151018s9999 xx 000 0 und d
082 _bRBASDV32885
_a891.433
100 _aचित्रा गर्ग
245 _aमनभावना कहानियाँ
250 _b1
260 _bसहयोग
_c2001
300 _a96
600 _aचित्रा गर्ग
630 _aमनभावना कहानियाँ
700 _aचित्रा गर्ग
730 _aमनभावना कहानियाँ
942 _cBOOK
999 _c1032405
_d1032402